<?xml version="1.0" encoding="UTF-8"?>
<collection xmlns="http://www.loc.gov/MARC21/slim">
 <record>
  <leader>04463cam a2200937 c 4500</leader>
  <controlfield tag="001">275892271</controlfield>
  <controlfield tag="003">DE-627</controlfield>
  <controlfield tag="005">20251222212932.0</controlfield>
  <controlfield tag="007">tu</controlfield>
  <controlfield tag="008">940228s1993    gw ||||| r    00| ||ger c</controlfield>
  <datafield tag="010" ind1=" " ind2=" ">
   <subfield code="a">   95128966 </subfield>
  </datafield>
  <datafield tag="015" ind1=" " ind2=" ">
   <subfield code="a">94,B19,0639</subfield>
   <subfield code="2">dnb</subfield>
  </datafield>
  <datafield tag="016" ind1="7" ind2=" ">
   <subfield code="a">940305550</subfield>
   <subfield code="2">DE-101</subfield>
  </datafield>
  <datafield tag="020" ind1=" " ind2=" ">
   <subfield code="a">3980238520</subfield>
   <subfield code="9">3-9802385-2-0</subfield>
  </datafield>
  <datafield tag="035" ind1=" " ind2=" ">
   <subfield code="a">(DE-627)275892271</subfield>
  </datafield>
  <datafield tag="035" ind1=" " ind2=" ">
   <subfield code="a">(DE-603)029215692</subfield>
  </datafield>
  <datafield tag="035" ind1=" " ind2=" ">
   <subfield code="a">(DE-576)037644025</subfield>
  </datafield>
  <datafield tag="035" ind1=" " ind2=" ">
   <subfield code="a">(DE-599)GBV275892271</subfield>
  </datafield>
  <datafield tag="035" ind1=" " ind2=" ">
   <subfield code="a">(OCoLC)243781876</subfield>
  </datafield>
  <datafield tag="035" ind1=" " ind2=" ">
   <subfield code="a">(OCoLC)312095876</subfield>
  </datafield>
  <datafield tag="035" ind1=" " ind2=" ">
   <subfield code="a">(OCoLC)474760876</subfield>
  </datafield>
  <datafield tag="040" ind1=" " ind2=" ">
   <subfield code="a">DE-627</subfield>
   <subfield code="b">ger</subfield>
   <subfield code="c">DE-627</subfield>
   <subfield code="e">rakwb</subfield>
  </datafield>
  <datafield tag="041" ind1=" " ind2=" ">
   <subfield code="a">ger</subfield>
  </datafield>
  <datafield tag="044" ind1=" " ind2=" ">
   <subfield code="c">XA-DE</subfield>
  </datafield>
  <datafield tag="050" ind1=" " ind2="0">
   <subfield code="a">CJ6179.T75</subfield>
  </datafield>
  <datafield tag="082" ind1="0" ind2=" ">
   <subfield code="a">737/.222/09434313</subfield>
  </datafield>
  <datafield tag="082" ind1="0" ind2=" ">
   <subfield code="a">737.22209434313</subfield>
   <subfield code="q">LoC</subfield>
   <subfield code="2">DDC20oclc</subfield>
  </datafield>
  <datafield tag="084" ind1=" " ind2=" ">
   <subfield code="a">63</subfield>
   <subfield code="a">12</subfield>
   <subfield code="2">sdnb</subfield>
  </datafield>
  <datafield tag="084" ind1=" " ind2=" ">
   <subfield code="a">63</subfield>
   <subfield code="a">12</subfield>
   <subfield code="a">02</subfield>
   <subfield code="2">sdnb</subfield>
  </datafield>
  <datafield tag="084" ind1=" " ind2=" ">
   <subfield code="a">9,10</subfield>
   <subfield code="2">ssgn</subfield>
  </datafield>
  <datafield tag="084" ind1=" " ind2=" ">
   <subfield code="a">ND 6520</subfield>
   <subfield code="2">rvk</subfield>
   <subfield code="0">(DE-625)rvk/125101:</subfield>
  </datafield>
  <datafield tag="084" ind1=" " ind2=" ">
   <subfield code="a">15.13</subfield>
   <subfield code="2">bkl</subfield>
  </datafield>
  <datafield tag="245" ind1="0" ind2="4">
   <subfield code="a">Die Medaillen und Gedenkmünzen der Erzbischöfe und Kurfürsten von Trier</subfield>
   <subfield code="c">von Konrad Schneider und Gerd Martin Forneck</subfield>
  </datafield>
  <datafield tag="264" ind1=" " ind2="1">
   <subfield code="a">Trier</subfield>
   <subfield code="b">Selbstverl. d. Bischöflichen Dom- u. Diözesanmuseums</subfield>
   <subfield code="c">1993</subfield>
  </datafield>
  <datafield tag="300" ind1=" " ind2=" ">
   <subfield code="a">150 S.</subfield>
   <subfield code="b">Ill.</subfield>
  </datafield>
  <datafield tag="336" ind1=" " ind2=" ">
   <subfield code="a">Text</subfield>
   <subfield code="b">txt</subfield>
   <subfield code="2">rdacontent</subfield>
  </datafield>
  <datafield tag="337" ind1=" " ind2=" ">
   <subfield code="a">ohne Hilfsmittel zu benutzen</subfield>
   <subfield code="b">n</subfield>
   <subfield code="2">rdamedia</subfield>
  </datafield>
  <datafield tag="338" ind1=" " ind2=" ">
   <subfield code="a">Band</subfield>
   <subfield code="b">nc</subfield>
   <subfield code="2">rdacarrier</subfield>
  </datafield>
  <datafield tag="490" ind1="1" ind2=" ">
   <subfield code="a">Kataloge und Schriften des Bischöflichen Dom- und Diözesanmuseums Trier</subfield>
   <subfield code="v">2</subfield>
  </datafield>
  <datafield tag="500" ind1=" " ind2=" ">
   <subfield code="a">Literaturverz. S. 143 - 146</subfield>
  </datafield>
  <datafield tag="583" ind1="1" ind2=" ">
   <subfield code="a">Archivierung/Langzeitarchivierung gewährleistet</subfield>
   <subfield code="f">SSG</subfield>
   <subfield code="x">XA-DE-BW</subfield>
   <subfield code="2">pdager</subfield>
   <subfield code="5">DE-16</subfield>
  </datafield>
  <datafield tag="583" ind1="1" ind2=" ">
   <subfield code="a">Archivierung prüfen</subfield>
   <subfield code="c">20240324</subfield>
   <subfield code="f">DE-4165</subfield>
   <subfield code="z">2</subfield>
   <subfield code="2">pdager</subfield>
  </datafield>
  <datafield tag="648" ind1=" " ind2="7">
   <subfield code="a">Geschichte</subfield>
   <subfield code="2">gnd</subfield>
  </datafield>
  <datafield tag="650" ind1="0" ind2="7">
   <subfield code="0">(DE-588)4038206-0</subfield>
   <subfield code="0">(DE-627)10623319X</subfield>
   <subfield code="0">(DE-576)209029099</subfield>
   <subfield code="a">Medaille</subfield>
   <subfield code="2">gnd</subfield>
  </datafield>
  <datafield tag="650" ind1="0" ind2="7">
   <subfield code="0">(DE-588)4149089-7</subfield>
   <subfield code="0">(DE-627)105563900</subfield>
   <subfield code="0">(DE-576)209769807</subfield>
   <subfield code="a">Gedenkmünze</subfield>
   <subfield code="2">gnd</subfield>
  </datafield>
  <datafield tag="653" ind1=" " ind2="0">
   <subfield code="a">Portrait medallions</subfield>
   <subfield code="a">Germany</subfield>
   <subfield code="a">Trier</subfield>
  </datafield>
  <datafield tag="653" ind1=" " ind2="0">
   <subfield code="a">Princes</subfield>
   <subfield code="a">Medals</subfield>
   <subfield code="a">Germany</subfield>
   <subfield code="a">Trier</subfield>
  </datafield>
  <datafield tag="653" ind1=" " ind2="0">
   <subfield code="a">Bishops</subfield>
   <subfield code="a">Medals</subfield>
   <subfield code="a">Germany</subfield>
   <subfield code="a">Trier</subfield>
  </datafield>
  <datafield tag="653" ind1=" " ind2="0">
   <subfield code="a">Bischöfliches Dom- und Diözesanmuseum Trier</subfield>
   <subfield code="a">Catalogs</subfield>
  </datafield>
  <datafield tag="655" ind1=" " ind2="7">
   <subfield code="a">Verzeichnis</subfield>
   <subfield code="0">(DE-588)4188171-0</subfield>
   <subfield code="0">(DE-627)105266639</subfield>
   <subfield code="0">(DE-576)210051078</subfield>
   <subfield code="2">gnd-content</subfield>
  </datafield>
  <datafield tag="689" ind1="0" ind2="0">
   <subfield code="d">b</subfield>
   <subfield code="0">(DE-588)1084659573</subfield>
   <subfield code="0">(DE-627)848646754</subfield>
   <subfield code="0">(DE-576)456660100</subfield>
   <subfield code="a">Katholische Kirche</subfield>
   <subfield code="b">Diözese Trier</subfield>
   <subfield code="2">gnd</subfield>
  </datafield>
  <datafield tag="689" ind1="0" ind2="1">
   <subfield code="d">s</subfield>
   <subfield code="0">(DE-588)4015471-3</subfield>
   <subfield code="0">(DE-627)106336622</subfield>
   <subfield code="0">(DE-576)208911855</subfield>
   <subfield code="a">Erzbischof</subfield>
   <subfield code="2">gnd</subfield>
  </datafield>
  <datafield tag="689" ind1="0" ind2="2">
   <subfield code="d">s</subfield>
   <subfield code="0">(DE-588)4038206-0</subfield>
   <subfield code="0">(DE-627)10623319X</subfield>
   <subfield code="0">(DE-576)209029099</subfield>
   <subfield code="a">Medaille</subfield>
   <subfield code="2">gnd</subfield>
  </datafield>
  <datafield tag="689" ind1="0" ind2="3">
   <subfield code="a">z</subfield>
   <subfield code="2">gnd</subfield>
   <subfield code="a">Geschichte</subfield>
  </datafield>
  <datafield tag="689" ind1="0" ind2=" ">
   <subfield code="5">DE-101</subfield>
  </datafield>
  <datafield tag="689" ind1="1" ind2="0">
   <subfield code="d">b</subfield>
   <subfield code="0">(DE-588)1084659573</subfield>
   <subfield code="0">(DE-627)848646754</subfield>
   <subfield code="0">(DE-576)456660100</subfield>
   <subfield code="a">Katholische Kirche</subfield>
   <subfield code="b">Diözese Trier</subfield>
   <subfield code="2">gnd</subfield>
  </datafield>
  <datafield tag="689" ind1="1" ind2="1">
   <subfield code="d">s</subfield>
   <subfield code="0">(DE-588)4015471-3</subfield>
   <subfield code="0">(DE-627)106336622</subfield>
   <subfield code="0">(DE-576)208911855</subfield>
   <subfield code="a">Erzbischof</subfield>
   <subfield code="2">gnd</subfield>
  </datafield>
  <datafield tag="689" ind1="1" ind2="2">
   <subfield code="d">s</subfield>
   <subfield code="0">(DE-588)4149089-7</subfield>
   <subfield code="0">(DE-627)105563900</subfield>
   <subfield code="0">(DE-576)209769807</subfield>
   <subfield code="a">Gedenkmünze</subfield>
   <subfield code="2">gnd</subfield>
  </datafield>
  <datafield tag="689" ind1="1" ind2="3">
   <subfield code="a">z</subfield>
   <subfield code="2">gnd</subfield>
   <subfield code="a">Geschichte</subfield>
  </datafield>
  <datafield tag="689" ind1="1" ind2=" ">
   <subfield code="5">DE-101</subfield>
  </datafield>
  <datafield tag="700" ind1="1" ind2=" ">
   <subfield code="a">Schneider, Konrad</subfield>
   <subfield code="d">1950-</subfield>
   <subfield code="0">(DE-588)130455342</subfield>
   <subfield code="0">(DE-627)501846883</subfield>
   <subfield code="0">(DE-576)187456518</subfield>
   <subfield code="4">oth</subfield>
  </datafield>
  <datafield tag="700" ind1="1" ind2=" ">
   <subfield code="a">Forneck, Gerd Martin</subfield>
   <subfield code="0">(DE-627)1234581590</subfield>
   <subfield code="0">(DE-576)164581596</subfield>
   <subfield code="4">oth</subfield>
  </datafield>
  <datafield tag="710" ind1="2" ind2=" ">
   <subfield code="a">Bischöfliches Dom- und Diözesanmuseum Trier</subfield>
   <subfield code="0">(DE-588)215137-6</subfield>
   <subfield code="0">(DE-627)10310724X</subfield>
   <subfield code="0">(DE-576)192540335</subfield>
   <subfield code="4">oth</subfield>
  </datafield>
  <datafield tag="787" ind1="0" ind2="8">
   <subfield code="i">Rezensiert in</subfield>
   <subfield code="a">Weiller, Raymond, 1938 - </subfield>
   <subfield code="t">[Rezension von: Konrad Schneider, Gerd Martin Forneck, Die Medaillen und Gedenkmünzen der Erzbischöfe und Kurfürsten von Trier]</subfield>
   <subfield code="d">1994</subfield>
   <subfield code="w">(DE-627)1908818409</subfield>
  </datafield>
  <datafield tag="810" ind1="2" ind2=" ">
   <subfield code="a">Bischöfliches Dom- und Diözesanmuseum Trier</subfield>
   <subfield code="t">Kataloge und Schriften des Bischöflichen Dom- und Diözesanmuseums Trier</subfield>
   <subfield code="v">2</subfield>
   <subfield code="9">200</subfield>
   <subfield code="w">(DE-627)505917572</subfield>
   <subfield code="w">(DE-576)023946520</subfield>
   <subfield code="w">(DE-600)2217840-5</subfield>
   <subfield code="x">0937-2237</subfield>
   <subfield code="7">am</subfield>
  </datafield>
  <datafield tag="889" ind1=" " ind2=" ">
   <subfield code="w">(DE-627)152328300</subfield>
  </datafield>
  <datafield tag="935" ind1=" " ind2=" ">
   <subfield code="i">mdedup</subfield>
  </datafield>
  <datafield tag="935" ind1=" " ind2=" ">
   <subfield code="i">Blocktest</subfield>
  </datafield>
  <datafield tag="936" ind1="r" ind2="v">
   <subfield code="a">ND 6520</subfield>
   <subfield code="b">Medaillenkunde u.ä.</subfield>
   <subfield code="k">Geschichte</subfield>
   <subfield code="k">Historische Hilfswissenschaften</subfield>
   <subfield code="k">Numismatik (Münz- und Geldgeschichte)</subfield>
   <subfield code="k">Numismatik des Mittelalters und der Neuzeit</subfield>
   <subfield code="k">Medaillenkunde u.ä.</subfield>
   <subfield code="0">(DE-627)127081818X</subfield>
   <subfield code="0">(DE-625)rvk/125101:</subfield>
   <subfield code="0">(DE-576)20081818X</subfield>
  </datafield>
  <datafield tag="936" ind1="b" ind2="k">
   <subfield code="a">15.13</subfield>
   <subfield code="j">Numismatik</subfield>
   <subfield code="j">Sphragistik</subfield>
   <subfield code="q">coli-conc RVK-&gt;BK</subfield>
   <subfield code="q">https://coli-conc.gbv.de/api/mappings/4b6bd404-0784-4f31-8e56-3f03c7149123</subfield>
   <subfield code="0">(DE-627)106404598</subfield>
  </datafield>
  <datafield tag="951" ind1=" " ind2=" ">
   <subfield code="a">BO</subfield>
  </datafield>
  <datafield tag="990" ind1=" " ind2=" ">
   <subfield code="a">Katholische Kirche / Diözese Trier</subfield>
  </datafield>
  <datafield tag="990" ind1=" " ind2=" ">
   <subfield code="a">Erzbischof</subfield>
  </datafield>
  <datafield tag="990" ind1=" " ind2=" ">
   <subfield code="a">Medaille</subfield>
  </datafield>
  <datafield tag="990" ind1=" " ind2=" ">
   <subfield code="a">Geschichte</subfield>
  </datafield>
  <datafield tag="990" ind1=" " ind2=" ">
   <subfield code="a">Katholische Kirche / Diözese Trier</subfield>
  </datafield>
  <datafield tag="990" ind1=" " ind2=" ">
   <subfield code="a">Erzbischof</subfield>
  </datafield>
  <datafield tag="990" ind1=" " ind2=" ">
   <subfield code="a">Gedenkmünze</subfield>
  </datafield>
  <datafield tag="990" ind1=" " ind2=" ">
   <subfield code="a">Geschichte</subfield>
  </datafield>
  <datafield tag="991" ind1=" " ind2=" ">
   <subfield code="a">Rezensiertes Werk</subfield>
  </datafield>
  <datafield tag="999" ind1=" " ind2=" ">
   <subfield code="a">KXP-PPN275892271</subfield>
   <subfield code="e">4832567942</subfield>
  </datafield>
 </record>
</collection>
